000 01493nam a2200337 i 4500
003 EG-GICUC
005 20260121101705.0
008 260108s2015 ua ||||fr|||| 00| 0 ara d
017 _a٢٠١٥/٣٤٤١
020 _a۹۷۸-۹۷۷-۹٢ - ٢٦٣١-٠
040 _a EG-GICUC
_bara
_c EG-GICUC
_d EG-GICUC
_erda
041 0 _aara
082 0 4 _221
_a345.247
_bا ل . د
092 0 4 _221
099 _aLaw1 07 345.247 ا ل . د 1 ed - 2015
100 0 _aالسيد عبد الملك تركي
_eمؤلف.
245 1 0 _aدور الجهاز المركزى للمحاسبات في تفعيل الأداء الحكومي والبرلماني :
_bدراسة مقارنة بين النظام المصري والفرنسي والألماني والإنجليزي /
_cدكتور السيد عبد الملك تركي.
250 _aالطبعة الأولى
264 3 _aالقاهرة :
_bالدرة للدعاية والإعلان،
_c2015.
300 _a811 ؛صفحة
_c24 سم.
336 _2rda content
_atext
337 _2rda media
_aComputer
338 _2rda carrier
_aOnline Resource
504 _a775-726ببليوجرافيا: صفحات.
546 _aالنص أغلبه باللغة العربية مع بعض النصوص الفرنسية
650 1 4 _aالجهاز المركزي للتنظيم والادارة
650 1 4 _aالقانون الإداري
856 4 0 _uhttps://fll.law.cu.edu.eg/fulltext/bks/B07-01642.pdf
905 _a32
942 _2ddc
_cBK
_e21
_n0
999 _c55627
_d55627